El siglo en que vivimos. Chile: 1900-1999
Guardado en:
| Autor principal: | |
|---|---|
| Formato: | Libro |
| Lenguaje: | español |
| Publicado: |
Santiago
Planeta Chilena
1999
|
| Materias: | |
| Etiquetas: |
Agregar Etiqueta
Sin Etiquetas, Sea el primero en etiquetar este registro!
|
MARC
| LEADER | 00000nam a2200000 a 4500 | ||
|---|---|---|---|
| 001 | UCM6390 | ||
| 003 | CL-VaPUC | ||
| 008 | 021108e19990000CL |||||||||||||||||spa|d | ||
| 082 | 0 | 4 | |a 983.064 |b ORE |2 21 |
| 100 | |a Orellana Riera, Carlos |e autor |9 472209 | ||
| 245 | 1 | 3 | |a El siglo en que vivimos. Chile: 1900-1999 |
| 300 | |a 198 p | ||
| 942 | |c BK | ||
| 945 | |d 20021108 00:00:00 |a cmena | ||
| 260 | |a Santiago |b Planeta Chilena |c 1999 | ||
| 650 | 0 | |a Historia de Chile siglo 20 |9 268145 | |
| 650 | 0 | |a Desarrollo económico y social |9 256320 | |
| 650 | 0 | |a Desarrollo cultural |9 267526 | |
| 651 | 7 | |a CHILE |2 CL-VaPUC |9 472210 | |
| 583 | |a last modification |c 20021108 00:00:00 |k Rodrigo Vera | ||
| 999 | |c 301798 |d 301796 | ||
| 952 | |0 0 |1 0 |4 0 |6 983_064000000000000_ORE_1999 |7 0 |8 A |9 361448 |a BIBHIS |b BIBHIS |d 2019-11-21 |i 3854973 |o 983.064 ORE 1999 |p 3854973 |r 2019-11-21 |w 2019-11-21 |y BK |k HIS | ||